Najpopularniejsze kanały muzyczne - Statystyki

Ogólne statystyki
  • Ten quiz został rozwiązany 913 razy
    218 od ostatniego zresetowania
  • Średni wynik to 8 z 50
Statystyki odpowiedzi
Lp. Piosenkarz/Piosenkarka % Poprawnych
1 Justin Bieber
66%
5 Ariana Grande
55%
8 Taylor Swift
48%
7 Ed Sheeran
39%
9 Billie Eilish
31%
16 Shakira
30%
18 Bruno Mars
29%
47 Dua Lipa
28%
33 Beyoncé
27%
11 One Direction
27%
30 Adele
26%
28 Drake
26%
34 Nicki Minaj
25%
24 Shawn Mendes
25%
2 BLACKPINK
24%
27 The Weeknd
20%
26 ImagineDragons
19%
37 Michael Jackson
19%
13 Maroon 5
17%
22 Luis Fonsi
13%
43 Sia
13%
10 Alan Walker
12%
17 XXXTENTACION
12%
45 Avicii
10%
46 Coldplay
10%
4 Marshmello
10%
12 Bad Bunny
8%
14 Daddy Yankee
8%
36 Post Malone
8%
32 David Guetta
7%
48 Charlie Puth
6%
40 Enrique Iglesias
6%
50 Calvin Harris
5%
49 Linkin Park
5%
41 DJ Snake
4%
6 Eminem Music
4%
3 HYBE LABELS
4%
19 J Balvin
4%
25 Maluma
4%
44 Tekashi 6ix9ine
4%
29 Wiz Khalifa
4%
42 Anuel AA
2%
31 KAROL G
2%
20 NoCopyrightSounds
2%
15 Ozuna
2%
38 The Chainsmokers
2%
21 Trap Nation
2%
39 JYP Entertainment
1%
35 NickyJamTV
1%
23 Spinnin' Records
1%
Nie znaleziono quizów pasujących do podanych kryteriów
Rozkład punktacji
Procent ludzi z każdym wynikiem
Percentyl według liczby udzielonych odpowiedzi
Twoja historia wyników
Nie rozwiązałeś tego quizu od ostatniego zresetowania